La verdadera y única solución de la cuestión social: carta pastoral colectiva que el Episcopado chileno dirige a los sacerdotes y fieles de la nación

Uloženo v:
Podrobná bibliografie
Médium: Kniha
Jazyk:španělština
Vydáno: Santiago s.n 1932
Témata:
Tagy: Přidat tag
Žádné tagy, Buďte první, kdo vytvoří štítek k tomuto záznamu!

MARC

LEADER 00000nam a2200000 a 4500
001 UCL5084
003 CL-VaPUC
008 040305e19320000cl |||||||||||||||||spa|d
082 0 4 |a 261.1  |b VER  |2 21 
245 1 3 |a La verdadera y única solución de la cuestión social: carta pastoral colectiva que el Episcopado chileno dirige a los sacerdotes y fieles de la nación 
300 |a 68 p 
942 |c BK 
945 |d 20040305 00:00:00  |a vberengu 
260 |a Santiago  |b s.n  |c 1932 
500 |a Donación Padres Capuchinos 
650 0 |a Teología social  |9 326726 
583 |a last modification  |c 20180109 11:58:10  |k Rodrigo Vera 
999 |c 307754  |d 307752 
952 |0 0  |1 0  |4 0  |6 261_100000000000000_VER_1932  |7 0  |8 P  |9 373860  |a BIBTEO  |b BIBTES  |c TEO_FTES  |d 2019-11-21  |i 2103788  |o 261.1 VER 1932  |p 2103788  |r 2024-01-18  |w 2019-11-21  |y BK  |k ICR 
952 |0 0  |1 0  |4 0  |6 261_100000000000000_VER_1932  |7 0  |8 X  |9 373861  |a FDOBUD  |b FDOBUD  |d 2019-11-21  |i 4442474  |o 261.1 VER 1932  |p 4442474  |r 2019-11-21  |w 2019-11-21  |y BK_X  |k BUD